Laddar...

Hawk's physiological chemistry

Bibliografiska uppgifter
Huvudupphovsman: Oser, Bernard L
Materialtyp: Printed Book
Språk:Undetermined
Publicerad: New York : McGraw-Hill Book Co. Inc., 1965
Upplaga:14 ed
Ämnen:
LEADER 00512nam a2200157Ia 4500
008 200122s9999||||xx |||||||||||||| ||und||
080 |a 574.1  |b OSE-H14 
100 |a Oser, Bernard L 
245 0 |a Hawk's physiological chemistry 
250 |a 14 ed 
260 |a  New York :  |b McGraw-Hill Book Co. Inc.,  |c 1965 
300 |a 1472 p. 
650 |a Physiology-- Biology 
942 |c BK 
999 |c 259223  |d 259223 
952 |0 0  |1 0  |4 0  |6 574_100000000000000_OSEH14  |7 0  |9 275434  |a BCH  |b BCH  |l 0  |o 574.1 OSE-H14  |p BCH307  |r 2020-01-24  |w 2020-01-24  |y BK